Il compagno segreto / (Record no. 192665)
[ view plain ]
| 000 -LEADER | |
|---|---|
| campo de control de longitud fija | 01310nam a2200385 i 4500 |
| 001 - NÚMERO DE CONTROL | |
| campo de control | 192665 |
| 003 - IDENTIFICADOR DE NÚMERO DE CONTROL | |
| campo de control | ItRI |
| 005 - FECHA Y HORA DE LA ÚLTIMA TRANSACCIÓN | |
| campo de control | 20240226153227.0 |
| 008 - DATOS DE LONGITUD FIJA--INFORMACIÓN GENERAL | |
| campo de control de longitud fija | 230509s2017 it |||||| ||||| |||||c |
| 020 ## - NÚMERO INTERNACIONAL ESTÁNDAR DEL LIBRO | |
| Número Internacional Estándar del Libro | 9788817120357 |
| 040 ## - FUENTE DE CATALOGACIÓN | |
| Lengua de catalogación | ita |
| Centro/agencia transcriptor | ES-MaACL |
| 041 #7 - CÓDIGO DE IDIOMA | |
| Fuente del código | ISO-639-2 |
| 080 ## - NÚMERO DE LA CLASIFICACIÓN DECIMAL UNIVERSAL | |
| Número de la Clasificación Decimal Universal | 821.111-32"18" |
| 100 1# - ENTRADA PRINCIPAL--NOMBRE DE PERSONA | |
| Nombre de persona | Conrad, Joseph |
| 9 (RLIN) | 40217 |
| Término indicativo de función/relación | Autor |
| 245 13 - MENCIÓN DEL TÍTULO | |
| Título | Il compagno segreto / |
| Mención de responsabilidad, etc. | Joseph Conrad ; introduzione di Andrea Zanzotto ; traduzione di Pietro De Logu ; a cura di Francesco Giacobelli. |
| 250 ## - MENCION DE EDICION | |
| Mención de edición | Sedicesima edizione |
| 264 #1 - PRODUCCIÓN, PUBLICACIÓN, DISTRIBUCIÓN, FABRICACIÓN Y COPYRIGHT | |
| Producción, publicación, distribución, fabricación y copyright | [Milano] : |
| Nombre del de productor, editor, distribuidor, fabricante | BUR, |
| Fecha de producción, publicación, distribución, fabricación o copyright | 2017 |
| 300 ## - DESCRIPCIÓN FÍSICA | |
| Extensión | 165 páginas ; |
| Dimensiones | 18 cm |
| 490 ## - MENCIÓN DE SERIE | |
| Mención de serie | Classici moderni |
| 500 ## - NOTA GENERAL | |
| Nota general | Índice |
| 504 ## - NOTA DE BIBLIOGRAFÍA, ETC. | |
| Nota de bibliografía, etc. | Bibliografía: páginas 46-50 |
| 534 ## - NOTA SOBRE LA VERSIÓN ORIGINAL | |
| Frase introductoria | Traducción de: The secret sharer |
| 546 ## - NOTA DE IDIOMA | |
| Nota de lengua/lenguaje | En cub.: "Testo inglese a fronte" |
| 546 ## - NOTA DE IDIOMA | |
| Nota de lengua/lenguaje | Texto en italiano e inglés |
| 655 #7 - TERMINO DE INDIZACIÓN--GENERO/FORMA | |
| 9 (RLIN) | 226829 |
| Datos o término principal de género/forma | Cuentos |
| 700 1# - ENTRADA AGREGADA--NOMBRE PERSONAL | |
| Nombre de persona | Zanzotto, Andrea |
| 9 (RLIN) | 176497 |
| Término indicativo de función/relación | Autor de introducción |
| 700 1# - ENTRADA AGREGADA--NOMBRE PERSONAL | |
| Nombre de persona | De Logu, Pietro |
| 9 (RLIN) | 176499 |
| Término indicativo de función/relación | Traductor |
| 700 1# - ENTRADA AGREGADA--NOMBRE PERSONAL | |
| Nombre de persona | Giacobelli, Francesco |
| Término indicativo de función/relación | Editor literario |
| 9 (RLIN) | 176498 |
| 830 #0 - PUNTO DE ACCESO ADICIONAL DE SERIE-TÍTULO UNIFORME | |
| Título uniforme | Classici moderni |
| 9 (RLIN) | 176500 |
| 852 ## - LOCALIZACIÓN | |
| Ubicación | Es-MaACL |
| Sublocalización o colección | R.153387 |
| Número de control de estantería | N-8297 |
| Ubicación en estantería | Depósito J |
| Donativo/Legado | Donación: José Lázaro García |
| itemnumber | 199964 |
| 982 #1 - EQUIVALENCIA O REFERENCIA-CRUZADA-MENCIÓN DE SERIE--NOMBRE DE CONFERENCIA O REUNIÓN/CONGRESO/TÍTULO [LOCAL, CANADÁ] | |
| Enlace | z01 |
| Nombre de congreso/reunión o jurisdicción como elemento de entrada | n |
| 903 ## - NOMBRE PERSONAL DE DONANTE | |
| a | Lázaro García, José |
| e | Donante |
| 942 ## - ELEMENTOS DE ENTRADA SECUNDARIOS (KOHA) | |
| Tipo de ítem Koha | Libro impreso |
| Suprimir en OPAC | No |
| Estatus retirado | Estado de pérdida | Fuente del sistema de clasificación o colocación | Estado de daño | No para préstamo | Biblioteca de origen | Biblioteca actual | Ubicación en estantería | Fecha de adquisición | Fuente de adquisición | Total de préstamos | Signatura topográfica completa | Código de barras | Visto por última vez | Tipo de ítem Koha |
|---|---|---|---|---|---|---|---|---|---|---|---|---|---|---|
| Clasificación decimal universal | Biblioteca del Ateneo de Madrid | Biblioteca del Ateneo de Madrid | Depósito J | 30/05/2022 | Donación | N-8297 | 101205269 | 09/05/2023 | Libro impreso |
